[Event "56. Hungría ch 2006"]
[Site "Szekesfehervar HUN"]
[Date "2006.03.09"]
[Round "9.2"]
[White "Ruck, Robert"]
[Black "Portisch, Lajos"]
[Result "1/2-1/2"]
[WhiteElo "2540"]
[BlackElo "2533"]
[PlyCount "28"]
[EventDate "2006.03.01"]
[EventType "tourn"]
[EventRounds "9"]
[EventCountry "HUN"]
[Source "lmi"]
[SourceDate "2006.03.10"]

1. Nf3 d5 2. d4 Nf6 3. c4 e6 4. Nc3 Nbd7 5. Bf4 dxc4 6. e3 Bd6 7. Bxd6 cxd6 8.
Bxc4 a6 9. a4 Qa5 10. O-O O-O 11. Qd2 b6 12. Rab1 Qb4 13. Be2 Bb7 14. Ne1 Qa5
1/2-1/2

[Event "56. Hungría ch 2006"]
[Site "Szekesfehervar HUN"]
[Date "2006.03.09"]
[Round "9.3"]
[White "Cao, Sang"]
[Black "Szabo, Krisztian"]
[Result "1/2-1/2"]
[WhiteElo "2543"]
[BlackElo "2447"]
[PlyCount "61"]
[EventDate "2006.03.01"]
[EventType "tourn"]
[EventRounds "9"]
[EventCountry "HUN"]
[Source "lmi"]
[SourceDate "2006.03.10"]

1. e4 c5 2. Nf3 d6 3. d4 cxd4 4. Nxd4 Nf6 5. Nc3 a6 6. Bc4 e6 7. Bb3 b5 8. Qf3
Qb6 9. Be3 Qb7 10. O-O-O Nbd7 11. Rhe1 Nc5 12. Bg5 Be7 13. Kb1 Nxb3 14. axb3
O-O 15. e5 Qxf3 16. gxf3 dxe5 17. Nc6 Bc5 18. Bxf6 gxf6 19. Ne4 Bb7 20. Nxf6+
Kg7 21. Nxe5 Kxf6 22. Nd7+ Ke7 23. Nxc5 Bc6 24. f4 Rfd8 25. Rxd8 Rxd8 26. Kc1
Rd4 27. Nd3 Be4 28. Ne5 Ba8 29. Nd3 Be4 30. Ne5 Ba8 31. Nd3 1/2-1/2

[Event "56. Hungría ch 2006"]
[Site "Szekesfehervar HUN"]
[Date "2006.03.09"]
[Round "9.5"]
[White "Almasi, Zoltan"]
[Black "Horvath, Adam"]
[Result "1-0"]
[WhiteElo "2646"]
[BlackElo "2532"]
[PlyCount "65"]
[EventDate "2006.03.01"]
[EventType "tourn"]
[EventRounds "9"]
[EventCountry "HUN"]
[Source "lmi"]
[SourceDate "2006.03.10"]

1. Nf3 Nf6 2. c4 e6 3. g3 d5 4. Bg2 dxc4 5. Qa4+ c6 6. Qxc4 b5 7. Qc2 Bb7 8.
O-O Nbd7 9. Nc3 a6 10. a4 Rc8 11. d4 b4 12. Ne4 c5 13. Nxf6+ gxf6 14. dxc5 Bxc5
15. Qd3 Nb6 16. Ne1 Bxg2 17. Kxg2 Qxd3 18. Nxd3 Bd6 19. a5 Nc4 20. Ra4 Ne5 21.
Nxe5 fxe5 22. Rd1 Be7 23. Be3 f6 24. Rd3 Rc2 25. Rd2 Rc6 26. Bb6 Rg8 27. h3 Kf7
28. Rd7 Rgc8 29. Ra7 Ke8 30. Rxa6 Rc2 31. Be3 Rxb2 32. Rxe6 b3 33. Rh4 1-0